00675nam a2200205 a 450000100100000000500170001000800410002702000150006804000250008308200140010810000290012224500660015125000110021726000280022830000210025650000410027770000250031895201110034399900150045400000681520200929154012.0090903s1973 dr 001 0 spa d a8433600559 aDO-SdBNPbspacBNPHU axxxbJ25f1 aJakobson, Román91895210aFundamentos del lenguaje / :bRomán Jakobson, Morris Halle. a2a ed. aMadrid :bAyuso,c1973. a156 p. ;c22 cm. aIncluye referencias bibliográficas1 aHalle, Morris918953 0010718PDaGRbGRcCTd2009-09-03iLF1l0oxxx J25fp6815-10r2020-06-25w2020-06-25yLFPDZNo se presta c6603d6603